000 01242cam a2200301 4500
001 ABS66192
008 030107n2002 000 0 eng u
035 _a(Sirsi) u120943
100 _aMynors, C
245 _aTrees, hedges and the law
260 _c2002
490 _aSolicitors' Journal
_v146(40) 25 October 2002, 952-954(3)
520 _aDiscusses some of the ways that trees, hedges and hedgerows interact with the law, citing relevant recent case law. Examines in detail trees and hedges on boundaries, hazardous trees, carrying out works to trees, trees and development and hedgerows. Concludes that a proper concern for trees is an essential part of good property management.
590 _aABS
650 _aTREES
650 _aHEDGES
650 _aHEDGEROWS
650 _aHEDGEROWS REGULATIONS 1997
650 _aProperty management
_96262
650 _aTOWN AND COUNTRY PLANNING (TREES) REGULATIONS 1999
650 _aHURST V HAMPSHIRE CC
650 _aDELAWARE MANSIONS LTD V WESTMINSTER LBC
650 _aCHAPMAN V BARKING AND DAGENHAM LBC
650 _aLEISURE GREAT BRITAIN PLC V ISLE OF WIGHT CC
650 _aCOUNTRYSIDE AND RIGHTS OF WAY ACT 2000
690 _aBoundary disputes
_96221
942 _n0
999 _c71894
_d71894